[Event "TUR Cup"]
[Site "Adapazari"]
[Date "2022.04.01"]
[Round "11"]
[White "Aydogdu, Aril"]
[Black "Gur, Gurbuz"]
[Result "1-0"]
[WhiteElo "1588"]
[BlackElo "1386"]
[PlyCount "135"]
[EventDate "2022.03.25"]
[EventType "swiss"]
[EventRounds "11"]
[EventCountry "TUR"]
[SourceTitle "EXT 2023"]
[Source "ChessBase"]
[SourceDate "2022.10.05"]
[SourceVersion "1"]
[SourceVersionDate "2022.10.05"]
[SourceQuality "1"]

1. e4 c5 2. Nf3 Nc6 3. d4 cxd4 4. Nxd4 g6 5. Nc3 Bg7 6. Be3 Nf6 7. Nxc6 bxc6 8. e5 Ng8 9. Bd4 Qa5 10. f4 Rb8 11. Bc4 f6 12. 0-0 f5 13. Bb3 e6 14. Qd2 Bf8 15. Qe3 c5 16. Ne2 cxd4 17. Nxd4 Bc5 18. Rad1 Ne7 19. Kh1 Qb6 20. c3 Bxd4 21. cxd4 Nd5 22. Qg3 Ba6 23. Rfe1 Kf7 24. Qh4 Qd8 25. Qh6 Bb7 26. h3 Qf8 27. Qh4 Qg7 28. Rc1 Bc6 29. Bxd5 Bxd5 30. Rc7 Rb7 31. Rec1 Rxc7 32. Rxc7 Bc6 33. Rxa7 h6 34. Qe1 Rd8 35. Qc3 Kf8 36. b4 Qe7 37. a4 Rc8 38. Kh2 g5 39. b5 Bb7 40. Qd2 Be4 41. b6 Qd8 42. a5 Ra8 43. Rc7 Rc8 44. Qb4+ Ke8 45. Qc5 Rxc7 46. bxc7 Qc8 47. a6 Bd3 48. a7 Be4 49. Qb6 Bb7 50. Kg3 Kf7 51. d5 gxf4+ 52. Kxf4 Bxd5 53. Qb8 Qa6 54. c8Q Qf1+ 55. Ke3 f4+ 56. Kd4 Qf2+ 57. Kc3 Qe1+ 58. Kb2 Qf2+ 59. Qc2 Qd4+ 60. Qc3 Qf2+ 61. Ka3 Qa2+ 62. Kb4 Qb1+ 63. Kc5 Qg1+ 64. Kd6 Qd1 65. Kc7 Qa4 66. Qc5 d6 67. exd6 f3 68. gxf3 1-0

[Event "TUR Cup"]
[Site "Antalya"]
[Date "2020.01.28"]
[Round "4"]
[White "Mangal, Ali"]
[Black "Gur, Gurbuz"]
[Result "1/2-1/2"]
[WhiteElo "1702"]
[BlackElo "1292"]
[PlyCount "132"]
[EventDate "2020.01.26"]
[EventType "swiss"]
[EventRounds "11"]
[EventCountry "TUR"]
[SourceTitle "CBM 194 Extra"]
[Source "ChessBase"]
[SourceDate "2020.03.31"]
[SourceVersion "1"]
[SourceVersionDate "2020.03.31"]
[SourceQuality "1"]

1. d4 Nf6 2. c4 c5 3. d5 e6 4. Nc3 exd5 5. cxd5 Bd6 6. Nf3 0-0 7. Bg5 Re8 8. e3 a6 9. a4 Bf8 10. Bd3 h6 11. Bh4 d6 12. h3 Nbd7 13. 0-0 b6 14. Re1 Bb7 15. e4 Rc8 16. Qe2 Ra8 17. Rac1 g5 18. Bg3 Nxd5 19. Nxd5 Bxd5 20. Qd2 Bb7 21. h4 g4 22. Nh2 Nf6 23. Qf4 Bc8 24. Nf1 Nh5 25. Qd2 Nxg3 26. fxg3 Bg7 27. Bb1 Qf6 28. Re2 Qd4+ 29. Kh2 Qxd2 30. Rxd2 Bd4 31. Re2 Bd7 32. b3 b5 33. Bc2 Re7 34. Ne3 Bxe3 35. Rxe3 Rae8 36. Rd1 Re6 37. Red3 bxa4 38. Rxd6 axb3 39. Bxb3 Rxd6 40. Rxd6 Be6 41. Ba4 Ra8 42. Kg1 c4 43. Rc6 Rc8 44. Rxa6 Kg7 45. Kf2 Kf6 46. Ke3 Rb8 47. Kf4 Rb2 48. Bc6 c3 49. Bd5 Rf2+ 50. Ke3 Rd2 51. Rc6 Ke5 52. Bxe6 fxe6 53. Rc5+ Kd6 54. Rxc3 Rxg2 55. Kf4 Re2 56. Kxg4 Rxe4+ 57. Kh5 Ke5 58. Kxh6 Kf5 59. Kh5 Rd4 60. Rf3+ Ke4 61. Rf6 Rd8 62. Rxe6+ Kf5 63. Rg6 Rh8+ 64. Rh6 Rg8 65. Rh7 Rxg3 66. Rf7+ Ke5 1/2-1/2

[Event "TUR Cup"]
[Site "Antalya"]
[Date "2019.01.30"]
[Round "6"]
[White "Yusufoglu, Ferit"]
[Black "Gur, Gurbuz"]
[Result "1-0"]
[WhiteElo "1615"]
[BlackElo "1220"]
[PlyCount "77"]
[EventDate "2019.01.27"]
[EventType "swiss"]
[EventRounds "11"]
[EventCountry "TUR"]
[SourceTitle "CBM 188 Extra"]
[Source "ChessBase"]
[SourceDate "2019.02.26"]
[SourceVersion "1"]
[SourceVersionDate "2019.02.26"]
[SourceQuality "1"]

1. e4 c5 2. Nf3 g6 3. d4 cxd4 4. Qxd4 Nf6 5. Nc3 Nc6 6. Qd1 Bg7 7. Bc4 0-0 8. h3 d6 9. Be3 a6 10. Bb3 Bd7 11. Qd2 b5 12. a3 Rc8 13. 0-0 Na5 14. Rad1 Nc4 15. Bxc4 Rxc4 16. e5 Ne8 17. Bh6 Be6 18. Bxg7 Kxg7 19. Rfe1 Rc7 20. Ng5 Rd7 21. Nce4 h6 22. Nxe6+ fxe6 23. Nc5 Kf7 24. Nxd7 Qxd7 25. Qxh6 d5 26. Re3 Ng7 27. Rg3 Kg8 28. Qxg6 Rf7 29. Rdd3 Qe8 30. Rdf3 Qf8 31. Qxe6 d4 32. Rg4 d3 33. Rxd3 a5 34. Rc3 Kh7 35. Rh4+ Kg8 36. Qh6 Rf5 37. e6 Nh5 38. Rg3+ Nxg3 39. Qh7# 1-0

[Event "TUR Cup"]
[Site "Antalya"]
[Date "2019.01.29"]
[Round "4"]
[White "Eroglu, Berke"]
[Black "Gur, Gurbuz"]
[Result "1-0"]
[WhiteElo "1442"]
[BlackElo "1220"]
[PlyCount "79"]
[EventDate "2019.01.27"]
[EventType "swiss"]
[EventRounds "11"]
[EventCountry "TUR"]
[SourceTitle "CBM 188 Extra"]
[Source "ChessBase"]
[SourceDate "2019.02.26"]
[SourceVersion "1"]
[SourceVersionDate "2019.02.26"]
[SourceQuality "1"]

1. e4 g6 2. d4 c5 3. Nf3 cxd4 4. Nxd4 Bg7 5. Nc3 Nc6 6. Be3 Nf6 7. g3 d6 8. Bg2 0-0 9. 0-0 Bd7 10. Qd2 Rc8 11. h3 a6 12. f4 Nxd4 13. Bxd4 Bc6 14. g4 Nd7 15. Bxg7 Kxg7 16. Kh2 Qc7 17. Ne2 Bb5 18. c3 Bxe2 19. Qxe2 f6 20. Kh1 b5 21. Rf2 Qc4 22. Qe3 Qc5 23. Qe2 Qc4 24. Qe3 Qc5 25. Qg3 Rc7 26. Rd1 Nb6 27. h4 h5 28. b4 Qxc3 29. Rd3 Qc4 30. gxh5 Qf7 31. Bh3 Kh7 32. hxg6+ Qxg6 33. Bf5 Rc1+ 34. Kh2 Rg8 35. Bxg6+ Rxg6 36. Qf3 Rh6 37. Qg4 Nc4 38. Rg2 Rh1+ 39. Kxh1 Rxh4+ 40. Qxh4# 1-0